Mám strach z priemerných ľudí História je poriadna prostitútka, kolaboruje s každou dobou

Bibliographic Details
Main Authors: Lenhart, Jozef, 1950- (Author), Gregorová, Anna (Author)
Format: Article
Language:Slovak
PhysicalDescription:Fotogr. 1
Subjects:

MARC

LEADER 00000nab a2200000 a 4500
001 vtls000557652
003 SK-MaSNL
005 20260305000607.0
008 150501c1995 xo 0 slo
015 |a SNBRB19rr/mm-uuuuu 
035 |a CL0557790 
040 |a SNKBUCL  |b slo  |c SNKBUCL  |e AACR2 
041 0 |a slo 
044 |a xo  |c SK 
080 |a 82:929:885.4  |2 1981 
080 |a 885.4  |2 1981 
080 |a 82:7.096  |2 1981 
100 1 |a Lenhart, Jozef,  |d 1950-  |4 aut  |9 264193 
245 1 0 |a Mám strach z priemerných ľudí  |b História je poriadna prostitútka, kolaboruje s každou dobou  |c Jozef Lenhart, Anna Gregorová 
300 |b Fotogr. 1 
600 1 7 |a Lenhart, Jozef,  |d 1950-  |2 snkbucl  |9 264193 
655 7 |a články z novín a časopisov  |2 snkbucl  |9 267496 
655 7 |a články z odboru literárna veda a krásna literatúra  |2 snkbucl  |9 770045 
655 7 |a rozhovory  |2 snkbucl  |9 31831 
700 1 |a Gregorová, Anna  |4 aut  |9 267065 
773 0 |t Práca  |g Roč. 50, č. 193 (19. 8. 1995), s. 8 
850 |a Slovenská národná knižnica v Martine  |a MTA001 
852 |a SNK  |b KIS3GCP 
958 |a RK 
958 |a LX 
958 |a SK 
992 |a RBX 
999 |c 3214613  |d 3216543